Insights into the genesis and dynamics of the solar spicule forest (Record no. 36096)
[ view plain ]
| 000 -LEADER | |
|---|---|
| fixed length control field | 00834 a2200217 4500 |
| 003 - CONTROL NUMBER IDENTIFIER | |
| control field | IN-BaIIA |
| 005 - DATE AND TIME OF LATEST TRANSACTION | |
| control field | 20250825144827.0 |
| 008 - FIXED-LENGTH DATA ELEMENTS--GENERAL INFORMATION | |
| fixed length control field | 250825b |||||||| |||| 00| 0 eng d |
| 040 ## - CATALOGING SOURCE | |
| Transcribing agency | IIA Library |
| 100 ## - MAIN ENTRY--PERSONAL NAME | |
| Personal name | Dey, Sahel |
| 9 (RLIN) | 49243 |
| 245 ## - TITLE STATEMENT | |
| Title | Insights into the genesis and dynamics of the solar spicule forest |
| Remainder of title | aided by simulations and laboratory experiments |
| Statement of responsibility, etc. | Sahel Dey |
| Medium | [Thesis] |
| 260 ## - PUBLICATION, DISTRIBUTION, ETC. | |
| Place of publication, distribution, etc. | Bangalore |
| Name of publisher, distributor, etc. | Indian Institute of Astrophysics |
| Date of publication, distribution, etc. | 2023 |
| 300 ## - PHYSICAL DESCRIPTION | |
| Extent | xxvii, 133p. |
| 502 ## - DISSERTATION NOTE | |
| Degree type | Doctor of Philosophy |
| Name of granting institution | Indian Institute of Science, Bangalore |
| Year degree granted | 2023 |
| 650 ## - SUBJECT ADDED ENTRY--TOPICAL TERM | |
| Topical term or geographic name entry element | Solar spicules |
| 9 (RLIN) | 49253 |
| 650 ## - SUBJECT ADDED ENTRY--TOPICAL TERM | |
| Topical term or geographic name entry element | Solar atmosphere |
| 9 (RLIN) | 4799 |
| 650 ## - SUBJECT ADDED ENTRY--TOPICAL TERM | |
| Topical term or geographic name entry element | Plasma dynamics |
| 9 (RLIN) | 3789 |
| 700 ## - ADDED ENTRY--PERSONAL NAME | |
| Personal name | Piyali Chatterjee |
| Relator term | Supervisor |
| 9 (RLIN) | 49254 |
| 856 ## - ELECTRONIC LOCATION AND ACCESS | |
| Uniform Resource Identifier | <a href="http://prints.iiap.res.in/handle/2248/8746">http://prints.iiap.res.in/handle/2248/8746</a> |
| Link text | Click Here to Access eThesis |
| 942 ## - ADDED ENTRY ELEMENTS (KOHA) | |
| Source of classification or shelving scheme | Universal Decimal Classification |
| Koha item type | Thesis & Dissertations |
| Withdrawn status | Lost status | Source of classification or shelving scheme | Damaged status | Not for loan | Home library | Current library | Shelving location | Date acquired | Source of acquisition | Cost, normal purchase price | Total Checkouts | Barcode | Date last seen | Date last checked out | Cost, replacement price | Price effective from | Koha item type | Purchase Price |
|---|---|---|---|---|---|---|---|---|---|---|---|---|---|---|---|---|---|---|
| Dewey Decimal Classification | IIA Library-Bangalore | IIA Library-Bangalore | General Stacks | 15/07/2025 | 74 | 0.00 | 1 | 20706 | 28/04/2026 | 22/09/2025 | 0.00 | 25/08/2025 | Thesis & Dissertations |